[Event "Moscow GM4"]
[Site "Moscow"]
[Date "1996.??.??"]
[Round "?"]
[White "Kiriakov, Petr"]
[Black "Hatanbaatar, Bazar"]
[Result "1-0"]
[WhiteElo "2515"]
[BlackElo "2425"]

1.d4 Nf6 2.c4 e6 3.Nc3 Bb4 4.Qc2 O-O 5.a3 Bxc3+ 6.Qxc3 b6 7.Bg5 Bb7 8.e3 d6
9.f3 Nbd7 10.Bd3 c5 11.Ne2 Rc8 12.Qb3 d5 13.cxd5 Bxd5 14.Qd1 cxd4 15.Nxd4 Ne5
16.Ba6 Rc5 17.b4 Rc3 18.Qd2 Rc7 19.Bf4 Nfd7 20.Nb5 Rc4 21.Nc3 Qf6 22.Rc1 Qg6
23.e4 Qf6 24.Bg5 Nxf3+ 25.gxf3 Qxf3 26.Rf1 Rxe4+ 27.Nxe4 Qxe4+ 28.Qe3 Qg2
29.Rf2 Qg1+ 30.Kd2 Qg4 31.Be2 Qe4 32.Qxe4 Bxe4 33.Rc7 Ne5 34.Rxa7 f6 35.Be3 Rd8+
36.Ke1 Rd6 37.Bf4 Rd5 38.Bxe5 Rxe5 39.Ra6 f5 40.Rxb6 Kf7 41.a4 g5 42.a5 Bd5
43.a6 Re3 44.a7 g4 45.Ra6 Ba8 46.Kd2 Re4 47.Bb5 Rxb4 48.Bc6 Bxc6 49.Rxc6 Ra4
50.Rc7+ Kf6 51.Rxh7 e5 52.Kc3 Ra5 53.Kb3 Kg6 54.Rb7 Ra1 55.Ra2 Rb1+ 56.Kc2 Rxb7
57.a8=Q Rg7 58.Qf8 Rc7+ 59.Kd2 Rd7+ 60.Ke2 Kg5 61.Ra6 Rb7 62.Qh6+  1-0

[Event "Moscow IM3"]
[Site "Moscow"]
[Date "1996.??.??"]
[Round "?"]
[White "Maljutin, Evgeni"]
[Black "Moizhess, Igor"]
[Result "0-1"]
[WhiteElo "2495"]
[BlackElo "2445"]

1.d4 Nf6 2.c4 e6 3.Nc3 Bb4 4.Qc2 O-O 5.a3 Bxc3+ 6.Qxc3 b6 7.Bg5 Bb7 8.f3 h6
9.Bh4 d5 10.e3 Nbd7 11.Bd3 c5 12.cxd5 cxd4 13.Qxd4 e5 14.Qc3 e4 15.fxe4 Nxe4
16.Bxd8 Nxc3 17.bxc3 Raxd8 18.c4 Ne5 19.Ke2 Ba6 20.e4 f5 21.Nf3 Nxc4 22.Nd2 Nxd2
23.Kxd2 Bxd3 24.Kxd3 fxe4+ 25.Kxe4 Rde8+ 26.Kd4 Rf4+ 27.Kc3 Re3+ 28.Kd2 Re5
29.Rhd1 Rxd5+ 30.Ke3 Rdf5 31.Ra2 Ra4 32.Rd4 Rfa5 33.Rd3 b5 34.g3 Ra6 35.h4 b4
36.Rb2 Rxa3 37.Rxb4 Rxd3+ 38.Kxd3 Ra3+ 39.Ke4 Rxg3 40.Kf5 Rf3+ 41.Kg4 Rf6
42.Ra4 Rf7 43.h5 Rb7 44.Ra1 Rb4+ 45.Kg3 Rb5  0-1

[Event "RUS-Cup2"]
[Site "Moscow"]
[Date "1996.??.??"]
[Round "1"]
[White "Chekhov, Valery A"]
[Black "Mozaliov, SV."]
[Result "1/2-1/2"]
[WhiteElo "2535"]
[BlackElo "2300"]

1.d4 Nf6 2.c4 e6 3.Nc3 Bb4 4.Qc2 O-O 5.a3 Bxc3+ 6.Qxc3 b6 7.Bg5 c5 8.dxc5 bxc5
9.Nf3 d6 10.Rd1 Qe7 11.e3 Bb7 12.Bd3 Nbd7 13.O-O h6 14.Bh4 Bxf3 15.gxf3 Ne5
16.Be2 Qb7 17.Kg2 Rab8 18.Rxd6 Qxb2 19.Qxb2 Rxb2 20.Re1 Rc2 21.Ra6 Nxc4 22.Rxa7 Nb2
23.a4 c4 24.Bxf6 gxf6 25.a5 Nd3  1/2-1/2

[Event "Moscow Alekhine op"]
[Site "Moscow"]
[Date "1996.??.??"]
[Round "2"]
[White "Annakov, Babakuli"]
[Black "Nikolenko, Oleg"]
[Result "1/2-1/2"]
[WhiteElo "2360"]
[BlackElo "2485"]

1.d4 Nf6 2.c4 e6 3.Nc3 Bb4 4.Qc2 O-O 5.Nf3 c5 6.dxc5 Na6 7.g3 Nxc5 8.Bg2 b6
9.O-O Bb7 10.Nb5 Be4 11.Qd1 Nb7 12.a3 a6 13.Nbd4 Be7 14.Bd2 Rc8 15.Rc1 Na5
16.Qa4 d6 17.Bxa5 bxa5 18.Nd2 Bxg2 19.Kxg2 Qb6 20.N4b3 Bd8 21.c5 dxc5 22.Nc4 Qb7+
23.f3 Nd5 24.e4 Qb5 25.Qxb5 axb5 26.Nd6 Rc6 27.exd5 Rxd6 28.Rxc5 Rxd5 29.Rxd5 exd5
30.Rd1 Bf6  1/2-1/2

[Event "Moscow Alekhine op"]
[Site "Moscow"]
[Date "1996.??.??"]
[Round "3"]
[White "Nachev, Sergei Y"]
[Black "Gorelov, Sergey G"]
[Result "1/2-1/2"]
[WhiteElo "2250"]
[BlackElo "2480"]

1.d4 Nf6 2.c4 e6 3.Nc3 Bb4 4.Qc2 O-O 5.a3 Bxc3+ 6.Qxc3 b6 7.Bg5 Bb7 8.f3 h6
9.Bh4 d5 10.cxd5 exd5 11.e3 Re8 12.Bf2 c5 13.Bb5 cxd4 14.Qxd4 Bc6 15.Bd3 Nbd7
16.b4 Ne5 17.Ne2 Qd7 18.O-O Nxd3 19.Qxd3 Bb5 20.Qd2 a5 21.Rfe1 axb4 22.Qxb4 Ra4
23.Qb3 Bxe2 24.Rxe2 Qc6 25.Rb2 Rea8 26.Qxb6 Qxb6 27.Rxb6 Rxa3  1/2-1/2

[Event "RUS-Cup2"]
[Site "Moscow"]
[Date "1996.??.??"]
[Round "4"]
[White "Kiriakov, Petr"]
[Black "Evseev, Denis"]
[Result "1/2-1/2"]
[WhiteElo "2515"]
[BlackElo "2395"]

1.d4 Nf6 2.c4 e6 3.Nc3 Bb4 4.Qc2 O-O 5.a3 Bxc3+ 6.Qxc3 Ne4 7.Qc2 f5 8.Nh3 Nc6
9.e3 d6 10.f3 Ng5 11.Nf2 e5 12.d5 Ne7 13.Bd3 e4 14.fxe4 fxe4 15.Bxe4 Nxe4
16.Qxe4 Ng6 17.O-O Qg5 18.g3 Ne5 19.Qg2 Qh5 20.e4 Bg4 21.Nxg4 Rxf1+ 22.Qxf1 Nxg4
23.h3 Qe5 24.Qd3 Nf6 25.Bf4 Qxe4 26.Qxe4 Nxe4 27.Re1 Re8 28.Kg2 Kf7 29.Re2 Nc5
30.Rxe8 Kxe8 31.Be3 Nb3 32.Kf3 Na5 33.c5 dxc5 34.Bxc5 Nc4 35.Bd4 g6 36.Ke4 Ke7
37.g4 Nd6+ 38.Kf4 Nf7 39.Bc5+ Kd7 40.a4 a6  1/2-1/2

[Event "Moscow Alekhine op"]
[Site "Moscow"]
[Date "1996.??.??"]
[Round "4"]
[White "Annakov, Babakuli"]
[Black "Belikov, Vladimir"]
[Result "1/2-1/2"]
[WhiteElo "2360"]
[BlackElo "2500"]

1.d4 Nf6 2.c4 e6 3.Nc3 Bb4 4.Qc2 O-O 5.Nf3 b6 6.e4 Bb7 7.Bd3 Bxc3+ 8.bxc3 Ne8
9.Bg5 f6 10.Be3 Nc6 11.e5 f5 12.d5 Ne7 13.Nd4 c5 14.dxc6 Nxc6 15.Nxc6 Bxc6
16.O-O Nc7 17.f4 Na6 18.Qf2 Qe7 19.a4 Nc5 20.Bxc5 Qxc5 21.Qxc5 bxc5 22.a5 Rab8
23.Rfb1 Kf7 24.Kf2 Ke7 25.Be2 Be4 26.Rb5 Rfc8 27.Ra2 Bc6 28.Rxc5 g5 29.g3 g4
30.Bf1 Rb3 31.Bg2 Rc7 32.Rd2 Rxc3 33.Bxc6 dxc6 34.Rd6 Rb7 35.Rcxc6 Rb2+ 36.Ke1 Rc1+
37.Rd1 Rcc2 38.Rc7+ Ke8 39.Rxh7 Rg2 40.Rh8+ Ke7 41.Rh7+ Ke8 42.Rh8+ Ke7 43.Rh7+  1/2-1/2

[Event "RUS-Cup2"]
[Site "Moscow"]
[Date "1996.??.??"]
[Round "5"]
[White "Dragomarezkij, Evgeni"]
[Black "Shipov, Sergei"]
[Result "1/2-1/2"]
[WhiteElo "2465"]
[BlackElo "2535"]

1.d4 Nf6 2.c4 e6 3.Nc3 Bb4 4.Qc2 O-O 5.a3 Bxc3+ 6.Qxc3 b6 7.Bg5 Bb7 8.e3 d6
9.f3 Nbd7 10.Nh3 h6 11.Bh4 c5 12.dxc5 bxc5 13.Be2 d5 14.O-O Qb6 15.Rfd1 a5
16.Rd2 Ba6 17.Bf2 Rfc8 18.Nf4 Bxc4 19.Bxc4 dxc4 20.Qxc4 Rab8 21.e4 Qb3 22.Rc1 Qxc4
23.Rxc4 Nb6 24.Rxc5 Rxc5 25.Bxc5 Nc4 26.Rc2 Nxb2 27.Bd4 Na4 28.Bxf6 gxf6
29.Nh5 f5 30.exf5 exf5 31.Nf4 Rb3 32.Rc8+ Kg7 33.Ra8 Rb5 34.h4 Nb2 35.Ra6 Nc4
36.Nh5+ Kh7 37.Nf6+  1/2-1/2

[Event "RUS-Cup2"]
[Site "Moscow"]
[Date "1996.??.??"]
[Round "6"]
[White "Kiriakov, Petr"]
[Black "Abashev, Denis"]
[Result "1-0"]
[WhiteElo "2515"]
[BlackElo "2320"]

1.d4 Nf6 2.c4 e6 3.Nc3 Bb4 4.Qc2 O-O 5.a3 Bxc3+ 6.Qxc3 b6 7.Bg5 Bb7 8.e3 d6
9.f3 h6 10.Bh4 Nbd7 11.Bd3 c5 12.Ne2 Rc8 13.Qb3 d5 14.cxd5 Bxd5 15.Qd1 cxd4
16.Nxd4 Ne5 17.Ba6 Rc5 18.O-O Bc4 19.Bxc4 Nxc4 20.Qe2 Qd5 21.b3 Nd6 22.Bf2 Nb5
23.Nxb5 Rxb5 24.b4 Rc8 25.Rac1 Rxc1 26.Rxc1 Qd7 27.e4 a5 28.Rc4 axb4 29.axb4 e5
30.Be3 Ne8 31.Qd2 Qe6 32.Qd3 Kh7 33.Bd2 Nf6 34.Rc2 Qe8 35.Rc7 Kg6 36.Qc4 Kh7
37.Qxf7 Qxf7 38.Rxf7 Kg6 39.Rc7 Ne8 40.Rc6+ Kf7 41.Kf2 Ke7 42.Ke2 Nd6 43.Kd3  1-0

[Event "Moscow Alekhine op"]
[Site "Moscow"]
[Date "1996.??.??"]
[Round "8"]
[White "Mitenkov, Alexey"]
[Black "Belikov, Vladimir"]
[Result "1/2-1/2"]
[WhiteElo "2445"]
[BlackElo "2500"]

1.d4 Nf6 2.c4 e6 3.Nc3 Bb4 4.Qc2 O-O 5.a3 Bxc3+ 6.Qxc3 b6 7.b4 Bb7 8.Bb2 a5
9.b5 d6 10.f3 Nbd7 11.e4 e5 12.Bd3 exd4 13.Qxd4 Re8 14.Ne2 Qe7 15.O-O Qe5  1/2-1/2

[Event "Moscow-ch"]
[Site "Moscow"]
[Date "1996.??.??"]
[Round "9"]
[White "Nachev, Sergei Y"]
[Black "Kalinin, Alexander"]
[Result "1/2-1/2"]
[WhiteElo "2285"]
[BlackElo "2430"]

1.d4 Nf6 2.c4 e6 3.Nc3 Bb4 4.Qc2 O-O 5.a3 Bxc3+ 6.Qxc3 b6 7.Bg5 Bb7 8.e3 d6
9.f3 Nbd7 10.Bd3 c5 11.Ne2 Rc8 12.b4 Qe7 13.O-O Rc7 14.Qb3 Rfc8 15.dxc5 bxc5
16.b5 d5 17.Nc3 Ne5 18.Be2 Rd7 19.Rfd1 Rcd8 20.Na4 dxc4 21.Rxd7 Rxd7 22.Qc3 Rd5
23.Kh1 Ned7 24.Bh4 Rh5 25.Bf2 Qd6 26.Bg1 Nd5 27.Qc1 N7b6  1/2-1/2

[Event "Neuchatel op"]
[Site "Neuchatel"]
[Date "1996.??.??"]
[Round "2"]
[White "Kelecevic, Nedeljko"]
[Black "Berset, Philippe"]
[Result "1-0"]
[WhiteElo "2480"]
[BlackElo "2195"]

1.d4 Nf6 2.c4 e6 3.Nc3 Bb4 4.Qc2 O-O 5.Bg5 h6 6.Bh4 d6 7.e3 b6 8.Ne2 Bb7
9.a3 Bxc3+ 10.Nxc3 Nbd7 11.Rd1 Qe7 12.f3 d5 13.Be2 c5 14.O-O Rac8 15.Qb3 Rfe8
16.Rfe1 Qf8 17.Qa2 cxd4 18.exd4 dxc4 19.Bxc4 a6 20.Bb3 b5 21.Kh1 b4 22.Ne4 bxa3
23.bxa3 Nxe4 24.fxe4 Nb6 25.Re3 Qd6 26.Bg3 Qc6 27.h3 Qb5 28.Rb1 Qg5 29.Qf2 Ba8
30.Be5 Nd7 31.Bxg7 Kh7 32.Rg3 Rc1+ 33.Rxc1 Qxc1+ 34.Kh2  1-0

[Event "JUG-chT"]
[Site "Niksic"]
[Date "1996.??.??"]
[Round "?"]
[White "Georgiev, Kiril"]
[Black "Maksimenko, Andrei"]
[Result "1-0"]
[WhiteElo "2620"]
[BlackElo "2545"]

1.c4 e6 2.Nc3 Nf6 3.d4 Bb4 4.Qc2 O-O 5.a3 Bxc3+ 6.Qxc3 b6 7.Bg5 Ba6 8.e3 d6
9.Bd3 Nbd7 10.Ne2 h6 11.Bh4 c5 12.Qb3 cxd4 13.exd4 e5 14.Qa4 Bb7 15.O-O exd4
16.Nxd4 Nc5 17.Qd1 d5 18.Nf5 Re8 19.Rc1 Re6 20.b4 Nxd3 21.Qxd3 dxc4 22.Qg3 Qf8
23.Nxh6+ Kh8 24.Nf5 b5 25.Bxf6 Rxf6 26.Qh4+ Kg8 27.Rc3 Rxf5 28.Rh3 f6 29.Qh7+ Kf7
30.Qxf5 Bc6 31.Re1 Qd6 32.Qh5+ Kg8 33.Qh7+ Kf7 34.Rg3 Qf8 35.h4 Qg8 36.Qh5+  1-0

[Event "JUG-ch op"]
[Site "Nis"]
[Date "1996.??.??"]
[Round "3"]
[White "Blagojevic, Dragisa"]
[Black "Zafirovski, Mite"]
[Result "1-0"]
[WhiteElo "2450"]
[BlackElo "2335"]

1.d4 Nf6 2.c4 e6 3.Nc3 Bb4 4.Qc2 O-O 5.a3 Bxc3+ 6.Qxc3 b6 7.Bg5 c5 8.dxc5 bxc5
9.e3 d6 10.Bd3 Nbd7 11.Ne2 Rb8 12.Rd1 h6 13.Bf4 Rb6 14.Bc2 Qc7 15.O-O Ba6
16.Rd2 Rfb8 17.b3 Bb7 18.f3 e5 19.Bg3 d5 20.Rfd1 dxc4 21.Qxc4 Ba6 22.Qc3 Bxe2
23.Rxe2 Re8 24.Bd3 Qb7 25.Bc4 Qb8 26.Red2 Nf8 27.Qc2 Qc8 28.a4 a6 29.Rd6 Rc6
30.Qd2 Nh5 31.Qd5 Rc7 32.Bxe5 Rce7 33.Bb2 g6 34.e4 Nf4 35.Qd2  1-0

[Event "JUG-ch op"]
[Site "Nis"]
[Date "1996.??.??"]
[Round "3"]
[White "Drasko, Milan"]
[Black "Savic, Miodrag"]
[Result "1-0"]
[WhiteElo "2505"]
[BlackElo "2245"]

1.d4 Nf6 2.c4 e6 3.Nc3 Bb4 4.Qc2 O-O 5.a3 Bxc3+ 6.Qxc3 Ne4 7.Qc2 d5 8.Nf3 b6
9.g3 Bb7 10.Bg2 Nd7 11.O-O h6 12.cxd5 exd5 13.Bf4 Rc8 14.Rac1 c5 15.dxc5 Ndxc5
16.Be3 Ne6 17.Qa4 Rxc1 18.Rxc1 Qb8 19.Nd4 N4c5 20.Qd1 Qe5 21.b4 Ne4 22.Nxe6 fxe6
23.Qd4 Qxd4 24.Bxd4 Nd6 25.Bh3 Nf5 26.Be5 Rc8 27.Rxc8+ Bxc8 28.e3 b5 29.Kf1 Kf7
30.Ke2 Ne7 31.Kd3 Nc6 32.Bc3 Bb7 33.f4 g6 34.g4 Bc8 35.Bg2 Ke7 36.e4 Kd6
37.Bg7 a5 38.Bxh6 axb4 39.Bf8+ Kd7 40.Bxb4 e5 41.exd5 Nxb4+ 42.axb4 exf4
43.Ke4 Kd6 44.Kxf4 Bb7 45.Kg5 Bxd5 46.Bxd5 Kxd5 47.h4  1-0

[Event "JUG-ch op"]
[Site "Nis"]
[Date "1996.??.??"]
[Round "9"]
[White "Drasko, Milan"]
[Black "Vratonjic, Slobodan"]
[Result "1/2-1/2"]
[WhiteElo "2505"]
[BlackElo "2445"]

1.d4 Nf6 2.c4 e6 3.Nc3 Bb4 4.Qc2 O-O 5.a3 Bxc3+ 6.Qxc3 b6 7.Bg5 Bb7 8.e3 d6
9.f3 Nbd7 10.Nh3 c5 11.dxc5 bxc5 12.Be2 a5 13.O-O h6 14.Bh4 a4 15.Rad1 Qb6
16.Rd2 d5 17.Rfd1 Ba6 18.Bf2 Qc7 19.Bg3 Qb7 20.cxd5 Bxe2 21.Rxe2 exd5 22.Nf4 Rfc8
23.Qc2 Re8 24.Be1 Qc6 25.Bc3 Rad8 26.Red2 Ne5 27.Bxe5 Rxe5 28.e4 Re7 29.Nd3 Re6
30.e5 c4 31.exf6 cxd3 32.Qxc6 Rxc6 33.Rxd3 Rxf6 34.Rxd5 Rb8 35.R1d2 Rfb6
36.R5d4 Rxb2 37.Rxb2 Rxb2 38.Rxa4 Ra2 39.h4 h5 40.Kh2 g6 41.Kh3 Kg7 42.Ra7 Ra1
43.Kg3 Ra2 44.a4 Kf6 45.a5 Kg7 46.Ra8 Kf6 47.Ra7 Kg7 48.a6 Kf6 49.Kh2 Kg7
50.Kh3 Ra3 51.Kg3 Ra2 52.Ra8 Kf6 53.Ra7 Kg7 54.Kf4 Rxg2 55.Rc7 Rh2 56.Kg3 Ra2
57.a7 Ra4 58.Kf2 Kf6 59.Ke3 Ke6 60.Kd3 f6 61.Ke3 Kf5 62.Rc5+  1/2-1/2

[Event "NOR-ch"]
[Site "NOR"]
[Date "1996.??.??"]
[Round "8"]
[White "Ostenstad, Berge"]
[Black "Johannessen, Leif Erlend"]
[Result "1/2-1/2"]
[WhiteElo "2465"]
[BlackElo "2345"]

1.d4 e6 2.c4 Nf6 3.Nc3 Bb4 4.Qc2 O-O 5.a3 Bxc3+ 6.Qxc3 b6 7.Bg5 Bb7 8.Nf3 d6
9.Nd2 Nbd7 10.e3 c5 11.dxc5 bxc5 12.Bd3 Qb6 13.O-O a5 14.Qc2 Rab8 15.Rfd1 Bc6
16.Rab1 a4 17.Ne4 Nxe4 18.Bxe4 Bxe4 19.Qxe4 Rfe8 20.Bf4 e5 21.Bg3 Re6 22.f3 g6
23.Bf2 Nf6 24.Qc2 Qb3 25.Qe2 Ne8 26.Be1 Nf6 27.Bf2 Ne8 28.Rd2 Re7 29.Rc1 Qb6
30.Rdc2 Qc6 31.Be1 f5 32.Bc3 Nc7 33.Rd2 Ne8 34.Rcd1 Rbb7 35.Rd5 Re6 36.h3 Rbe7
37.Be1 Qa6 38.Bh4 Rf7 39.Qc2 f4 40.Bg5 fxe3 41.Bxe3 Ng7 42.Qe4 Nf5 43.Bf2 Ree7
44.Re1 Qb7 45.Qc2 Qc6 46.Rb1 Nd4 47.Bxd4 exd4 48.b4 axb3 49.Rxb3 Re1+ 50.Kh2 Qe8
51.Qf2 Re3 52.Qb2 Qe7 53.Rb8+ Kg7 54.Qb6 Rxa3 55.Qxd6 Qxd6+ 56.Rxd6 Rc3 57.Rc8 Rxc4
58.Rd5 Rf5 59.Rd7+ Kf6 60.Rxh7 Rc2 61.Rd7 Rg5 62.Rc6+ Ke5 63.Kh1 Rgxg2 64.Rxc5+ Rxc5
65.Kxg2 Rd5 66.Re7+ Kf4 67.Kf2 d3 68.Rf7+ Ke5 69.Ke1 d2+ 70.Kd1 g5 71.h4 gxh4
72.f4+ Ke4 73.Rh7  1/2-1/2

[Event "Nova Gorica"]
[Site "Nova Gorica"]
[Date "1996.??.??"]
[Round "1"]
[White "Furlan, Miha"]
[Black "Maksimenko, Andrei"]
[Result "0-1"]
[WhiteElo "2320"]
[BlackElo "2545"]

1.d4 Nf6 2.c4 e6 3.Nc3 Bb4 4.Qc2 O-O 5.Bg5 c5 6.dxc5 Nc6 7.Nf3 Bxc5 8.e3 b6
9.Be2 Bb7 10.O-O Rc8 11.Rfd1 Be7 12.Rac1 Na5 13.Qa4 Bc6 14.Qc2 Nxc4 15.Nd4 Ba8
16.Ndb5 a6 17.Bxf6 gxf6 18.Nd4 b5 19.a3 f5 20.Bd3 Kh8 21.Nxf5 exf5 22.Bxf5 Rg8
23.g3 Qb6 24.Rxd7 Nxe3 25.Qd3 Nxf5 26.Qxf5 Qc6 27.f3 Qc5+ 28.Qxc5 Bxc5+ 29.Kg2 Kg7
30.Rcd1 Bxa3 31.Nxb5 Rc2+ 32.R1d2 Rxd2+ 33.Rxd2 axb5 34.bxa3 Rc8  0-1

[Event "ARG-ch"]
[Site "Pena City"]
[Date "1996.??.??"]
[Round "14"]
[White "Llanos, Guillermo"]
[Black "Pereyra Arcija, Diego"]
[Result "0-1"]
[WhiteElo "2400"]
[BlackElo "2420"]

1.d4 Nf6 2.c4 e6 3.Nc3 Bb4 4.Qc2 O-O 5.a3 Bxc3+ 6.Qxc3 b6 7.Bg5 Ba6 8.e3 d6
9.Bd3 Nbd7 10.Ne2 c5 11.O-O Rc8 12.Qb3 d5 13.Qa4 cxd4 14.Bxf6 gxf6 15.Qxa6 Nc5
16.Bxh7+ Kxh7 17.Qb5 d3 18.Nf4 a6 19.Qb4 dxc4 20.Qxc4 b5 21.Qa2 Rc6 22.Rad1 Rd6
23.b4 Ne4 24.Qb3 Qc8 25.Rc1 Qd7 26.Qd1 e5 27.Nh5 d2 28.Rc2 Rc8 29.Ng3 Rxc2
30.Nxe4 Rc1 31.Qh5+ Kg7 32.Nxd2 Rxf1+ 33.Nxf1 Rd1 34.g3 Qd3 35.Qh3 f5 36.g4 fxg4
37.Qxg4+ Qg6 38.Qxg6+ Kxg6 39.Kg2 Ra1 40.Ng3 Rxa3  0-1

[Event "Pico City op"]
[Site "Pico City"]
[Date "1996.??.??"]
[Round "9"]
[White "Llanos, Guillermo"]
[Black "Garcia Palermo, Carlos"]
[Result "0-1"]
[WhiteElo "2400"]
[BlackElo "2495"]

1.d4 Nf6 2.c4 e6 3.Nc3 Bb4 4.Qc2 O-O 5.a3 Bxc3+ 6.Qxc3 b6 7.Bg5 c5 8.dxc5 bxc5
9.e3 a5 10.Bd3 d6 11.Rd1 Ra6 12.Ne2 Nbd7 13.Qc2 h6 14.Bf4 Bb7 15.f3 e5 16.Bg3 e4
17.Bxe4 Nxe4 18.fxe4 Re8 19.Nc3 Qg5 20.Bf4 Qg6 21.O-O Nf6 22.Qb3 Bxe4 23.Nxe4 Nxe4
24.Rd3 Raa8 25.Rfd1 Reb8 26.Qc2 Rb6 27.Rb3 Rab8 28.Rxb6 Rxb6 29.b3 Qe6 30.h3 f5
31.a4 Kf7 32.Rd3 Qf6 33.Kh2 h5 34.Qe2 g6 35.Qe1 h4 36.Qxa5 Rb7 37.Qa6 Rd7
38.Qc6 Ke7 39.Rd5 Qe6 40.Bh6 g5 41.Bg7 g4 42.hxg4 fxg4 43.Rh5 g3+ 44.Kg1 Ng5  0-1

[Event "JUG-ch Podgorica"]
[Site "Podgorica"]
[Date "1996.??.??"]
[Round "9"]
[White "Ilincic, Zlatko"]
[Black "Gligoric, Svetozar"]
[Result "1/2-1/2"]
[WhiteElo "2555"]
[BlackElo "2475"]

1.d4 Nf6 2.c4 e6 3.Nc3 Bb4 4.Qc2 O-O 5.a3 Bxc3+ 6.Qxc3 b6 7.Bg5 Bb7 8.e3 c5
9.dxc5 bxc5 10.f3 h6 11.Bh4 d5 12.Bxf6 Qxf6 13.Qxf6 gxf6 14.Ne2 Nd7 15.cxd5 Bxd5
16.O-O-O Rfd8 17.Nc3 Bb3 18.Rd2 f5 19.e4 fxe4 20.Nxe4 f5 21.Nc3 Ne5 22.Be2 Nc6
23.Bd1 Nd4 24.Kb1 Kf7 25.Re1 Bc4 26.Na4 Rac8 27.Re3 Kf6 28.f4 Bb5 29.Nc3 Bc6
30.Rh3 Rh8 31.Ba4 Bb7 32.Re3 Rhg8 33.g3 Rgd8 34.Rd1 c4 35.Rde1 a6 36.Rd1 Nf3
37.Bd7 Rc7 38.Rxe6+ Kf7 39.Red6 Ke7 40.Re6+ Kf7 41.Rxh6 Rcxd7 42.Rh7+ Ke6
43.Rh6+ Kf7 44.Rh7+  1/2-1/2

[Event "JUG-ch Podgorica"]
[Site "Podgorica"]
[Date "1996.??.??"]
[Round "13"]
[White "Mozetic, Dejan"]
[Black "Gligoric, Svetozar"]
[Result "1/2-1/2"]
[WhiteElo "2495"]
[BlackElo "2475"]

1.d4 Nf6 2.c4 e6 3.Nc3 Bb4 4.Qc2 O-O 5.a3 Bxc3+ 6.Qxc3 b6 7.Bg5 Bb7 8.e3 h6
9.Bh4 c5 10.dxc5 bxc5 11.Nf3 d6 12.Nd2 Nbd7 13.Rg1 Re8 14.Bd3 a5 15.g4 g5
16.Bg3 Ra6 17.h4 Nxg4 18.hxg5 hxg5 19.f3 Nge5 20.Bh4 Nxd3+ 21.Qxd3 Ne5 22.Qc2 Qf6
23.Bxg5 Qg7 24.O-O-O Ng6 25.e4 Rb6 26.f4 Bc6 27.f5 exf5 28.exf5 Ba4 29.Qc3 Qxc3+
30.bxc3 Bxd1 31.Kxd1 Rb2 32.Bf4 Ra2 33.Rg3 Rxa3 34.fxg6 a4 35.Kc2 Re1 36.Bxd6 Ra2+
37.Kd3 Rd1 38.Bf4 a3 39.Ke2 Rh1 40.gxf7+ Kxf7 41.Rd3 Rb2 42.Rd7+ Ke6 43.Rd6+ Kf5
44.Be3 a2 45.Ra6 a1=Q 46.Rxa1 Rxa1 47.Bxc5 Rh1 48.Be3 Rh3 49.c5 Ke6 50.Kd3 Kd5
51.Nc4 Rg2 52.Nb6+ Kc6 53.Nc4 Rgg3 54.Ke2 Kd5 55.Kd3 Rh4 56.Nb6+ Kc6 57.c4 Rgg4
58.Kc3 Re4 59.Kd3 Rhg4 60.Bf2 Re7 61.Nd5 Rb7 62.Kc3 Rb1 63.Be3 Rg3 64.Kc2 Ra1
65.Nb4+ Kd7 66.c6+ Ke6 67.c7 Kd7 68.Nd5 Ra3 69.Bf4 Rg2+ 70.Kb1 Rb3+ 71.Kc1  1/2-1/2

[Event "Pula op"]
[Site "Pula"]
[Date "1996.??.??"]
[Round "?"]
[White "Kozul, Zdenko"]
[Black "Zelcic, Robert"]
[Result "1/2-1/2"]
[WhiteElo "2580"]
[BlackElo "2495"]

1.d4 Nf6 2.c4 e6 3.Nc3 Bb4 4.Qc2 O-O 5.a3 Bxc3+ 6.Qxc3 Ne4 7.Qc2 f5 8.Nh3 d6
9.f3 Nf6 10.e3 e5 11.dxe5 dxe5 12.Nf2 Nc6 13.b4 f4 14.Bd3 e4 15.Bxe4 Nxe4
16.Nxe4 Qh4+ 17.Qf2 Qxf2+ 18.Kxf2 fxe3+ 19.Bxe3 Ne5 20.Bd4 Nxc4 21.Rhc1 b5
22.a4 c6 23.axb5 cxb5 24.Rxa7 Rxa7 25.Bxa7 Bf5 26.Nc3 Ne5 27.Rd1 Nd3+ 28.Kg1 Ra8
29.Nxb5 Nxb4 30.Be3 Nc2 31.Bf2 Nb4 32.g4 Bd3 33.Nd4 Bg6 34.Ne6 Re8 35.Rd6 Bf7
36.Ng5 Ba2 37.Bc5 Nd5 38.Kf2 Nf4 39.Be3 Ne6 40.Ne4 Rd8 41.Rb6 Bd5 42.Nc3 Kf7
43.Nxd5 Rxd5 44.Rb7+ Ke8 45.f4 Rd7 46.Rb8+ Kf7 47.f5 Nd4 48.Rh8 h6 49.Rc8 Nb5
50.Kf3 Nd6 51.Rc5 Ne8 52.h4 Nf6 53.g5 hxg5 54.hxg5 Nd5 55.Rc6 Nxe3 56.g6+ Ke7
57.Kxe3 Rd1 58.Re6+ Kf8 59.Re5 Re1+ 60.Kd4 Rd1+ 61.Kc4 Rd8 62.Rd5 Rc8+ 63.Rc5 Rd8
64.Rc7 Kg8 65.Rf7 Rc8+ 66.Kd5 Rd8+ 67.Ke6 Re8+ 68.Kd6 Ra8 69.Rc7 Kf8 70.Kd7 Rb8
71.Kc6 Kg8 72.Rf7 Rc8+ 73.Kb7 Rc1 74.Rc7 Rb1+ 75.Kc6 Rc1+ 76.Kd7 Rd1+ 77.Ke8 Re1+
78.Kd8 Rd1+ 79.Rd7 Ra1 80.Rd5 Kf8 81.Kd7 Ra7+ 82.Kd6 Ra6+ 83.Ke5 Ra8  1/2-1/2

[Event "Randers"]
[Site "Randers"]
[Date "1996.??.??"]
[Round "1"]
[White "Baturin, Mikhail"]
[Black "Hultin, Johan"]
[Result "1-0"]
[WhiteElo "2325"]
[BlackElo "2300"]

1.d4 e6 2.c4 Nf6 3.Nc3 Bb4 4.Qc2 O-O 5.Nf3 b6 6.e4 d5 7.cxd5 exd5 8.e5 Ne4
9.Bd3 f5 10.exf6 Nxf6 11.O-O Ba6 12.Bg5 Bxd3 13.Qxd3 Bxc3 14.bxc3 Qd6 15.Bxf6 Qxf6
16.Ne5 Nc6 17.f4 Rad8 18.Rf3 Nxe5 19.fxe5 Qg6 20.Qxg6 hxg6 21.Raf1 Rxf3 22.Rxf3 Rf8
23.Rxf8+ Kxf8 24.Kf2 Ke7 25.Ke2 c5 26.h4 Ke6 27.Kd3 Kd7 28.Kc2 Kc6 29.Kb3 Kb5
30.a4+ Kc6 31.a5 Kb5 32.axb6 axb6 33.Ka3 Kc6 34.Ka4 b5+ 35.Ka5 b4 36.cxb4 cxd4
37.Ka4 d3 38.Kb3 d4 39.Kb2 Kd5 40.Kc1 Kxe5 41.Kd2 Ke4 42.g4 g5 43.h5 Ke5
44.Kxd3 Kd5 45.b5 Kc5 46.b6 Kxb6 47.Kxd4 Kc6 48.Ke5 Kd7 49.Kf5 Ke7 50.Kxg5 Kf7
51.Kf5 Kg8 52.Kg6 Kh8 53.Kf7 Kh7 54.g5 Kh8 55.Kf8 Kh7 56.g6+  1-0

[Event "Randers"]
[Site "Randers"]
[Date "1996.??.??"]
[Round "3"]
[White "Rasmussen, Peter"]
[Black "Kjeldsen, Jens"]
[Result "0-1"]
[WhiteElo "2285"]
[BlackElo "2415"]

1.d4 Nf6 2.c4 e6 3.Nc3 Bb4 4.Qc2 O-O 5.a3 Bxc3+ 6.Qxc3 b5 7.cxb5 c6 8.bxc6 Nxc6
9.Bg5 Bb7 10.e3 Qb6 11.Bxf6 gxf6 12.b4 Rfc8 13.Qd2 e5 14.Nf3 exd4 15.exd4 Re8+
16.Kd1 Ne7 17.Rc1 Ng6 18.Bd3 Qe6 19.Rc3 Qg4 20.Kc2 Rac8 21.Re1 Rxc3+ 22.Kxc3 Rc8+
23.Kb2 Qxg2 24.Ng1 Qxh2 25.Qe3 Nf4 26.Bf1 Kh8 27.Nf3 Qh6 28.Bg2 Kg7 29.Rh1 Qg6
30.Qxf4 Qc2+ 31.Ka1 Qc3+ 32.Kb1 Qb3+ 33.Ka1 Qxa3+ 34.Kb1 Qxb4+ 35.Ka1 Qa3+
36.Kb1 Be4+ 37.Qxe4 Rb8+  0-1

[Event "Randers"]
[Site "Randers"]
[Date "1996.??.??"]
[Round "5"]
[White "Rasmussen, Peter"]
[Black "Ochsner, Thomas"]
[Result "0-1"]
[WhiteElo "2285"]
[BlackElo "2300"]

1.d4 Nf6 2.c4 e6 3.Nc3 Bb4 4.Qc2 O-O 5.a3 Bxc3+ 6.Qxc3 b6 7.Bg5 Ba6 8.Nf3 d6
9.e3 Nbd7 10.Bd3 h6 11.Bxf6 Nxf6 12.O-O c5 13.Rfd1 Qe7 14.b4 Rac8 15.Qb3 d5
16.dxc5 bxc5 17.cxd5 Bxd3 18.Qxd3 Nxd5 19.b5 Qb7 20.Rab1 c4 21.Qd4 c3 22.Rdc1 c2
23.Rb3 Rfd8 24.Qe4 Qc7 25.Nd4 Nc3 26.Qxc2 Ne2+ 27.Kf1 Nxc1  0-1

[Event "ISL-ISR"]
[Site "Reykjavik"]
[Date "1996.??.??"]
[Round "1"]
[White "Alterman, Boris"]
[Black "Stefansson, Hannes"]
[Result "0-1"]
[WhiteElo "2585"]
[BlackElo "2540"]

1.d4 Nf6 2.c4 e6 3.Nc3 Bb4 4.Qc2 O-O 5.a3 Bxc3+ 6.Qxc3 b6 7.Bg5 c5 8.dxc5 bxc5
9.e3 h6 10.Bh4 d6 11.Bd3 Nbd7 12.Ne2 Rb8 13.f3 Re8 14.O-O Qb6 15.Rab1 Ba6
16.Rfd1 d5 17.b3 e5 18.Bf2 e4 19.fxe4 dxc4 20.bxc4 Qc6 21.Rxb8 Rxb8 22.Ng3 Re8
23.Nf5 Ne5 24.Bg3 Nxd3 25.Rxd3 Bb7 26.Rd5 Qb6 27.Rd1 Bxe4 28.Nd6 Rd8 29.Qe1 Qb3
30.Rd2 Bd3 31.Qd1 Bxc4 32.Qxb3 Bxb3 33.Ne4 Rxd2 34.Nxd2 Bd5 35.Bd6 Nd7 36.e4 Bc6
37.Kf2 f6 38.Nb3 c4 39.Na5 Bxe4 40.Nxc4 Kf7 41.Ne3 Ke6 42.Bb4 f5 43.Bc3 Ne5
44.g3 g5 45.h3 h5 46.Bd4 a6 47.Bb6 Nd3+ 48.Kg1 Ne5 49.Kf2 f4 50.gxf4 gxf4
51.Nd1 Nc4 52.Bc5 Ke5 53.Nc3 Bf5 54.Kg2 Bd7 55.h4 Bc6+ 56.Kf2 Kf5 57.Ne2 Kg4
58.Be7 Ne5 59.Nd4 Bd5 60.Bd6 Ng6 61.Nc2 Nxh4 62.Nb4 Bc4 63.Nc6 Kf5 64.Ne5 Bd5
65.Be7 Ng2 66.Nd3 h4 67.Kg1 Be4 68.Bd6 Bxd3 69.Kxg2 Bb5 70.Kh3 Kg5 71.Be7+ Kh5
72.Bc5 Bd7+ 73.Kg2 h3+ 74.Kf1 Kg4 75.Kg1 Kg3 76.Bf2+ Kf3  0-1

[Event "RUS-Cup1 Chigorin mem"]
[Site "St Petersburg"]
[Date "1996.??.??"]
[Round "4"]
[White "Kazakov, Vladimir"]
[Black "Mozaliov, SV."]
[Result "0-1"]
[WhiteElo "2250"]
[BlackElo "2300"]

1.d4 Nf6 2.c4 e6 3.Nc3 Bb4 4.Qc2 O-O 5.Nf3 c5 6.dxc5 Na6 7.a3 Bxc3+ 8.Qxc3 Nxc5
9.Bg5 Nce4 10.Bxf6 Nxf6 11.e3 b6 12.Be2 Bb7 13.O-O Rc8 14.Rac1 Qe7 15.Rfd1 Rc7
16.Qd4 Rfc8 17.Ne5 d5 18.b4 Ba6 19.Rc2 dxc4 20.Bf3 b5 21.Qd6 Qxd6 22.Rxd6 Bb7
23.Bxb7 Rxb7 24.f3 Kf8 25.e4 Ke7 26.Rd1 Nd7 27.Nxd7 Rxd7 28.Rxd7+ Kxd7 29.Kf2 Ke7
30.Ke3 Rd8 31.Rc3 Rd1 32.g3 g5 33.f4 g4 34.e5 f5 35.a4 a6 36.axb5 axb5 37.Ra3 Rb1
38.Ra7+ Kd8 39.Rxh7 Rxb4 40.Kd4 Rb1 41.Kc5 c3 42.Kd6 Rd1+ 43.Kxe6 c2  0-1

[Event "Rilton Cup 96/97"]
[Site "Stockholm"]
[Date "1996.??.??"]
[Round "7"]
[White "Agrest, Evgenij"]
[Black "Yakovich, Yuri"]
[Result "0-1"]
[WhiteElo "2475"]
[BlackElo "2530"]

1.d4 Nf6 2.c4 e6 3.Nc3 Bb4 4.Qc2 O-O 5.a3 Bxc3+ 6.Qxc3 b6 7.Bg5 Bb7 8.e3 d6
9.f3 Nbd7 10.Nh3 c5 11.e4 h6 12.Be3 cxd4 13.Qxd4 d5 14.cxd5 exd5 15.e5 Ne8
16.Bb5 Nc7 17.Bxd7 Qxd7 18.O-O Rfe8 19.a4 Qf5 20.f4 Ne6 21.Qd1 d4 22.Bd2 Rac8
23.Ra3 Rc2 24.Nf2 Rc4 25.Qe2 Rec8 26.Qd3 Qxd3 27.Nxd3 Rc2 28.Rf2 Be4 29.b4 R8c4
30.h3 Nc7 31.Re2 R4c3 32.Bxc3 Rxe2 33.Nf2 dxc3 34.Rxc3 Nd5 35.Nxe4 Re1+ 36.Kf2 Nxc3  0-1